ბათუმის შოთა რუსთაველის სახელმწიფო უნივერსიტეტის ბიბლიოთეკა

Жизнь растении (ბიბ.ჩანაწერი № 45792)

000 -LEADER
fixed length control field 00622nam a2200217Ia 4500
001 - CONTROL NUMBER
control field 12620
003 - CONTROL NUMBER IDENTIFIER
control field GE_BSU
008 - FIXED-LENGTH DATA ELEMENTS--GENERAL INFORMATION
fixed length control field 181216s||||||||xx |||||||||||||| ||und||
040 ## - CATALOGING SOURCE
Transcribing agency GE_BSU
080 ## - UNIVERSAL DECIMAL CLASSIFICATION NUMBER
Universal Decimal Classification number 581.1
100 ## - MAIN ENTRY--PERSONAL NAME
Personal name Тимирязев,К.
245 ## - TITLE STATEMENT
Title Жизнь растении
245 ## - TITLE STATEMENT
Remainder of title Десять общедоступных чтении с 58 фигурами в текст
260 ## - PUBLICATION, DISTRIBUTION, ETC.
Place of publication, distribution, etc. Москва
260 ## - PUBLICATION, DISTRIBUTION, ETC.
Name of publisher, distributor, etc. Изд-во А.Калужского
260 ## - PUBLICATION, DISTRIBUTION, ETC.
Date of publication, distribution, etc. 1878
300 ## - PHYSICAL DESCRIPTION
Extent 285стр.24см.
300 ## - PHYSICAL DESCRIPTION
Accompanying material Приложение с.253
653 ## - INDEX TERM--UNCONTROLLED
Uncontrolled term Жизнь растении
942 ## - ADDED ENTRY ELEMENTS (KOHA)
Koha item type წიგნი
ეგზემპლარები
Withdrawn status Lost status Damaged status Not for loan Date acquired Barcode Date last seen Price effective from Koha item type
        2018-12-17 20565 2018-12-17 2018-12-17 წიგნი